Loading...
Current Events | 1 | 10.00 | 100% | 0% | 0% |
Fine Arts - Classical Music | 7 | 14.29 | 86% | 57% | 0% |
Fine Arts - Other Fine Arts | 5 | 18.00 | 100% | 60% | 20% |
Fine Arts - Painting and Sculpture | 7 | 11.43 | 100% | 14% | 0% |
Geography | 2 | 20.00 | 100% | 100% | 0% |
History - American History | 4 | 15.00 | 100% | 50% | 0% |
History - European History | 8 | 15.00 | 100% | 50% | 0% |
History - Other History | 6 | 13.33 | 100% | 33% | 0% |
History - World History | 6 | 13.33 | 100% | 17% | 17% |
Literature - American Literature | 6 | 15.00 | 100% | 17% | 33% |
Literature - British Literature | 4 | 17.50 | 75% | 75% | 25% |
Literature - European Literature | 5 | 18.00 | 100% | 60% | 20% |
Literature - World Literature | 6 | 15.00 | 83% | 33% | 33% |
Mythology | 4 | 17.50 | 100% | 50% | 25% |
Other Academic | 2 | 15.00 | 100% | 50% | 0% |
Philosophy | 4 | 22.50 | 100% | 75% | 50% |
Pop Culture | 1 | 30.00 | 100% | 100% | 100% |
Religion | 7 | 17.14 | 86% | 43% | 43% |
Science - Biology | 6 | 15.00 | 100% | 33% | 17% |
Science - Chemistry | 5 | 8.00 | 80% | 0% | 0% |
Science - Other Science | 4 | 10.00 | 50% | 25% | 25% |
Science - Physics | 7 | 11.43 | 100% | 14% | 0% |
Social Science | 6 | 18.33 | 100% | 83% | 0% |